Piosenki Guns N' Roses - nagła śmierć - Statystyki

Ogólne statystyki
  • Ten quiz został rozwiązany 45 razy
  • Średni wynik to 12 z 20
Answers on the Grid
Answers color-coded by a green-red scale on the quiz's grid according to % correct below.
Sweet Child O' Mine
Paradise City
Welcome To The Jungle
Knockin' On Heaven's Door
November Rain
Estranged
Civil War
Think About You
Out Ta Get Me
Perfect Crime
Right Next Door To Hell
Get In The Ring
Yesterdays
Since I Don't Have You
Down On The Farm
Garden Of Eden
It's So Easy
Mr. Brownstone
Dead Horse
You Could Be Mine
Livin' On A Prayer
You Give Love A Bad Name
Smells Like Teen Spirit
I Want It All
Who Wants To Live Forever
The Final Countdown
Panama
Still Loving You
Rock You Like A Hurricane
Highway To Hell
 
Statystyki odpowiedzi
Odpowiedź % Poprawnych
Knockin' On Heaven's Door
93%
Sweet Child O' Mine
93%
Welcome To The Jungle
93%
November Rain
90%
Paradise City
90%
Estranged
69%
You Could Be Mine
69%
Civil War
67%
It's So Easy
60%
Since I Don't Have You
57%
Get In The Ring
55%
Garden Of Eden
52%
Yesterdays
50%
Mr. Brownstone
48%
Think About You
48%
Dead Horse
45%
Right Next Door To Hell
45%
Out Ta Get Me
43%
Perfect Crime
40%
Down On The Farm
36%
Nie znaleziono quizów pasujących do podanych kryteriów
Rozkład punktacji
Procent ludzi z każdym wynikiem
Percentyl według liczby udzielonych odpowiedzi
Twoja historia wyników
Nie rozwiązałeś tego quizu